Wife to widow (Record no. 125385)
[ view plain ]
| 000 -LEADER | |
|---|---|
| fixed length control field | 01830nam a2200397 a 4500 |
| 100 1# - MAIN ENTRY--AUTHOR NAME | |
| Personal name | Bradbury, Bettina. |
| 245 10 - TITLE STATEMENT | |
| Title | Wife to widow |
| 260 ## - PUBLICATION, DISTRIBUTION, ETC. (IMPRINT) | |
| Place of publication | Vancouver, B.C. : |
| Name of publisher | UBC Press, |
| Year of publication | 2011. |
| 300 ## - PHYSICAL DESCRIPTION | |
| Number of Pages | xvi, 502 p. : |
| Other physical details | ill., map. |
| 505 0# - FORMATTED CONTENTS NOTE | |
| Formatted contents note | pt. 1. Marriage, identity, and the law -- pt. 2. Individual itineraries of widowhood. |
| 650 #0 - SUBJECT ADDED ENTRY--TOPICAL TERM | |
| Topical Term | Married women |
| Topical Term | Married women |
| Topical Term | Widows |
| Topical Term | Widows |
| 856 40 - ELECTRONIC LOCATION AND ACCESS | |
| Uniform Resource Identifier | http://site.ebrary.com/lib/rucke/Doc?id=10492771 |
No items available.
